| 000 | 00855cac a2200265 a 4500 | ||
|---|---|---|---|
| 003 | Co-PeBPM | ||
| 005 | 20250929152032.0 | ||
| 008 | 231129e1986||||ck a||||||||||||| ||spa|| | ||
| 020 | _a8476346158 | ||
| 040 | 0 |
_aCo-PeBPM _bspa _cCo-PeBPM _erda |
|
| 041 | _aspa | ||
| 082 | 0 | 4 |
_a534.3 M425s _222 |
| 100 |
_aMatras, Jean-Jacques _eautor |
||
| 245 | 1 | 0 |
_aEl sonido _c/ Jean-Jacques Matras, traducción Víctor Bouilly |
| 260 |
_aBarcelona, España _b: Orbis _c, 1986 |
||
| 300 |
_a183 páginas _b: Ilustración a blanco y negro _c; 20 centímetros |
||
| 500 | _aIncluye índice. | ||
| 504 | _aIncluye bibliografía. | ||
| 650 | 1 | 4 |
_aElectroacústica _2LEMB |
| 650 | 1 | 4 |
_aReproducción del sonido _2LEMB |
| 650 | 1 | 4 |
_aSonido _2LEMB |
| 700 |
_aBouilly, Víctor _eTraducción |
||
| 942 |
_2ddc _cBK |
||
| 999 |
_c12469 _d12469 |
||